The effects of protectionism on a small country : (Record no. 15314)
[ view plain ]
| 000 -LEADER | |
|---|---|
| fixed length control field | 00807cam a2200169 a 4500 |
| 020 ## - INTERNATIONAL STANDARD BOOK NUMBER | |
| ISBN | 0821327887 |
| 040 ## - CATALOGING SOURCE | |
| Transcribing agency | DLC |
| 082 00 - DEWEY DECIMAL CLASSIFICATION NUMBER | |
| Classification number | 382 WOR 1994 A075 Or. |
| 245 04 - TITLE STATEMENT | |
| Title | The effects of protectionism on a small country : |
| Remainder of title | the case of Uruguay / |
| 260 ## - PUBLICATION, DISTRIBUTION, ETC. (IMPRINT) | |
| Place of publication | Washington, D.C. : |
| Name of publisher | World Bank, |
| Year of publication | 1994. |
| 300 ## - PHYSICAL DESCRIPTION | |
| Number of Pages | x, 172 p. : |
| Other physical details | ill. ; |
| Dimensions | 24 cm. |
| 520 1# - SUMMARY, ETC. | |
| Summary, etc | "Competently executed series of studies on the distorted trade regime of Uruguay until the late 1980s and the effect of protectionism on a variety of economic outcomes. Topics covered range from the political economy of trade distortions to the sectoral impact of specific regulations. Worth reading"--Handbook of Latin American Studies, v. 57. |
| 650 #0 - SUBJECT ADDED ENTRY--TOPICAL TERM | |
| Topical Term | Protectionism |
| 700 1# - ADDED ENTRY--PERSONAL NAME | |
| Personal name | Connolly, Michael B. |
| 700 1# - ADDED ENTRY--PERSONAL NAME | |
| Personal name | De Melo, Jaime. |
| 942 ## - ADDED ENTRY ELEMENTS (KOHA) | |
| Koha item type | សៀវភៅភាសាអង់គ្លេស |
| 952 ## - LOCATION AND ITEM INFORMATION (KOHA) | |
| Withdrawn status [LOCAL, KOHA] | 0 |
| Permanent Location | Date acquired | Koha item type | Lost status | Shelving location | Barcode | Current Location | Full call number |
|---|---|---|---|---|---|---|---|
| Library Block A | 2017-11-15 | សៀវភៅភាសាអង់គ្លេស | A075 | A06288 | Library Block A | 382 WOR 1994 A075 Or. |